[Event "Moscow Sveshnikov Memorial Blitz"]
[Site "Moscow"]
[Date "2023.12.09"]
[Round "4"]
[White "Ionov, Sergey"]
[Black "Bogumil, Tatiana"]
[Result "1/2-1/2"]
[WhiteElo "2502"]
[BlackElo "2090"]
[PlyCount "96"]
[EventDate "2023.12.09"]
[EventType "tourn (blitz)"]
[EventRounds "11"]
[EventCountry "RUS"]
[EventCategory "1"]
[SourceTitle "CB50_2023"]
[SourceDate "2023.12.13"]
[SourceVersion "1"]
[SourceVersionDate "2023.12.13"]
[SourceQuality "1"]

1. e4 e6 2. d4 d5 3. Nd2 dxe4 4. Nxe4 Bd7 5. Nf3 Bc6 6. Bd3 Nd7 7. 0-0 Ngf6 8. Ng3 Bxf3 9. Qxf3 c6 10. b3 Qc7 11. Bb2 Bd6 12. c4 h5 13. Rfe1 0-0-0 14. c5 Bf4 15. b4 h4 16. Nf1 Nd5 17. b5 N7f6 18. a4 h3 19. g3 Bh6 20. a5 g5 21. b6 axb6 22. axb6 Qb8 23. Ra7 g4 24. Qe2 Nb4 25. Rea1 Kd7 26. Ne3 Bxe3 27. Qxe3 Nfd5 28. Qe2 Nxd3 29. Qxd3 Ke7 30. Bc1 Rd7 31. Bd2 Qg8 32. Re1 Qg6 33. Qxg6 fxg6 34. Re4 Nf6 35. Bg5 Rf8 36. Kf1 Kf7 37. Bxf6 Kxf6 38. Rxg4 g5 39. Ke2 Rfd8 40. Ke3 e5 41. dxe5+ Kf5 42. Raa4 Rd3+ 43. Ke2 Rd2+ 44. Ke1 Rd1+ 45. Ke2 R8d2+ 46. Ke3 Rd3+ 47. Ke2 R1d2+ 48. Ke1 Rd1+ 1/2-1/2

[Event "Moscow Sveshnikov Memorial Blitz"]
[Site "Moscow"]
[Date "2023.12.09"]
[Round "9"]
[White "Mikhaylova, Irina"]
[Black "Ionov, Sergey"]
[Result "1/2-1/2"]
[WhiteElo "2169"]
[BlackElo "2502"]
[PlyCount "67"]
[EventDate "2023.12.09"]
[EventType "tourn (blitz)"]
[EventRounds "11"]
[EventCountry "RUS"]
[EventCategory "1"]
[SourceTitle "CB50_2023"]
[SourceDate "2023.12.13"]
[SourceVersion "1"]
[SourceVersionDate "2023.12.13"]
[SourceQuality "1"]

1. Nf3 Nf6 2. c4 e6 3. d4 b6 4. a3 Ba6 5. e3 d5 6. Nbd2 Be7 7. cxd5 Bxf1 8. Nxf1 Qxd5 9. Ng3 0-0 10. 0-0 c5 11. dxc5 bxc5 12. Qc2 Rd8 13. Bd2 Qb7 14. b4 cxb4 15. Bxb4 Bxb4 16. axb4 Nc6 17. Rfb1 Nxb4 18. Qc5 Nd3 19. Rxb7 Nxc5 20. Rbxa7 Rxa7 21. Rxa7 Rd1+ 22. Nf1 g6 23. h3 Nfe4 24. Ra2 Nd3 25. g3 Kg7 26. Kg2 g5 27. g4 h6 28. Rc2 f5 29. gxf5 exf5 30. Rc7+ Kg6 31. Rc6+ Kg7 32. Rc7+ Kg6 33. Rc6+ Kg7 34. N1h2 1/2-1/2

[Event "St Petersburg-ch Seniors Blitz"]
[Site "St Petersburg"]
[Date "2022.10.05"]
[Round "9"]
[White "Provotorov, Alexandr P"]
[Black "Ionov, Sergey"]
[Result "1/2-1/2"]
[WhiteElo "2329"]
[BlackElo "2460"]
[PlyCount "22"]
[EventDate "2022.10.05"]
[EventType "swiss"]
[EventRounds "11"]
[EventCountry "RUS"]
[SourceTitle "CBM 210 Extra"]
[Source "ChessBase"]
[SourceDate "2022.11.30"]
[SourceVersion "1"]
[SourceVersionDate "2022.11.30"]
[SourceQuality "1"]

1. e4 c5 2. c3 d5 3. exd5 Qxd5 4. d4 Nf6 5. Nf3 e6 6. Be2 Nc6 7. 0-0 cxd4 8. cxd4 Be7 9. Nc3 Qd6 10. Nb5 Qd8 11. Bf4 Nd5 1/2-1/2

[Event "St Petersburg-ch Seniors"]
[Site "St Petersburg"]
[Date "2022.09.30"]
[Round "7"]
[White "Provotorov, Alexandr P"]
[Black "Ionov, Sergey"]
[Result "1/2-1/2"]
[WhiteElo "2277"]
[BlackElo "2513"]
[PlyCount "52"]
[EventDate "2022.09.24"]
[EventType "swiss"]
[EventRounds "9"]
[EventCountry "RUS"]
[SourceTitle "CBM 210 Extra"]
[Source "ChessBase"]
[SourceDate "2022.11.30"]
[SourceVersion "1"]
[SourceVersionDate "2022.11.30"]
[SourceQuality "1"]

1. e4 c5 2. c3 Nf6 3. e5 Nd5 4. d4 cxd4 5. Nf3 Nc6 6. cxd4 d6 7. Bc4 Nb6 8. Bb5 dxe5 9. Nxe5 Bd7 10. Nxd7 Qxd7 11. Nc3 e6 12. 0-0 Rd8 13. Bg5 Be7 14. Bxe7 Qxe7 15. Qf3 0-0 16. Bxc6 bxc6 17. Qxc6 Rxd4 18. Rad1 Rb4 19. b3 Rc8 20. Qf3 h6 21. h3 Qc7 22. Rc1 Qd7 23. Rcd1 Rd4 24. Qe3 Rd6 25. Rxd6 Qxd6 26. Rd1 Qb4 1/2-1/2

[Event "Rilton Cup 49th"]
[Site "Stockholm"]
[Date "2020.01.02"]
[Round "6"]
[White "Ionov, Sergey"]
[Black "Pantzar, Milton"]
[Result "1/2-1/2"]
[WhiteElo "2521"]
[BlackElo "2410"]
[PlyCount "68"]
[EventDate "2019.12.27"]
[EventType "swiss"]
[EventRounds "9"]
[EventCountry "SWE"]
[SourceTitle "CBM 194 Extra"]
[Source "ChessBase"]
[SourceDate "2020.03.31"]
[SourceVersion "1"]
[SourceVersionDate "2020.03.31"]
[SourceQuality "1"]

1. c4 e6 2. g3 d5 3. Bg2 c6 4. Qc2 Nf6 5. Nf3 Be7 6. d4 0-0 7. 0-0 b6 8. Rd1 Bb7 9. Nc3 Nbd7 10. b3 Rc8 11. e4 c5 12. exd5 exd5 13. Qf5 dxc4 14. d5 Ne8 15. d6 Bf6 16. Ng5 g6 17. Qh3 h5 18. Bxb7 Rb8 19. Bd5 Bxc3 20. Rb1 Nef6 21. Bxc4 Ne5 22. Bf4 Nxc4 23. bxc4 Qd7 24. Qxd7 Nxd7 25. Rb3 Bf6 26. Nf3 Rfe8 27. Ra3 a5 28. Re3 Rxe3 29. fxe3 Re8 30. Kf2 Re4 31. Nd2 Re6 32. Nf3 Re4 33. Nd2 Re6 34. Nf3 Re4 1/2-1/2

[Event "Rilton Cup 49th"]
[Site "Stockholm"]
[Date "2019.12.28"]
[Round "2"]
[White "Ionov, Sergey"]
[Black "Furhoff, Johan"]
[Result "1-0"]
[WhiteElo "2521"]
[BlackElo "2327"]
[PlyCount "89"]
[EventDate "2019.12.27"]
[EventType "swiss"]
[EventRounds "9"]
[EventCountry "SWE"]
[SourceTitle "CBM 194 Extra"]
[Source "ChessBase"]
[SourceDate "2020.03.31"]
[SourceVersion "1"]
[SourceVersionDate "2020.03.31"]
[SourceQuality "1"]

1. d4 d5 2. Bf4 Nf6 3. e3 c5 4. c3 Qb6 5. Qb3 Nc6 6. Nd2 Bf5 7. dxc5 Qxb3 8. axb3 e5 9. Bg3 Bxc5 10. Ngf3 Nd7 11. b4 Bd6 12. Be2 0-0 13. 0-0 f6 14. Nd4 Bg6 15. Nxc6 bxc6 16. Ra6 Rfc8 17. Rfa1 Rc7 18. f3 Nb8 19. R6a5 Rb7 20. e4 Bc7 21. R5a3 Bb6+ 22. Bf2 Nd7 23. Bxb6 Nxb6 24. Nb3 Nd7 25. Ra6 dxe4 26. Na5 Rb6 27. Nxc6 exf3 28. gxf3 Re8 29. Rxa7 Rxc6 30. Rxd7 Bf5 31. Rd2 Rc7 32. Rad1 e4 33. Rd8 Kf7 34. Rxe8 Kxe8 35. Kf2 exf3 36. Bxf3 Bd7 37. Rd4 Ra7 38. Ke3 Ra2 39. Rd2 Ke7 40. Bd5 Ra1 41. Kd4 Kd6 42. c4 Rf1 43. b5 Rf4+ 44. Ke3 Ke5 45. b6 1-0

[Event "EU-ch rapid"]
[Site "Tallinn"]
[Date "2019.12.06"]
[Round "9"]
[White "Mickevicius, Juras"]
[Black "Ionov, Sergey"]
[Result "1-0"]
[WhiteElo "2288"]
[BlackElo "2480"]
[PlyCount "71"]
[EventDate "2019.12.05"]
[EventType "swiss"]
[EventRounds "13"]
[EventCountry "EST"]
[SourceTitle "CBM 193 Extra"]
[Source "ChessBase"]
[SourceDate "2020.01.31"]
[SourceVersion "1"]
[SourceVersionDate "2020.01.31"]
[SourceQuality "1"]

1. d4 d5 2. c4 e6 3. Nf3 Nf6 4. g3 dxc4 5. Bg2 c5 6. 0-0 Nc6 7. Qa4 Bd7 8. Qxc4 b5 9. Qd3 c4 10. Qc2 Rc8 11. e4 Be7 12. Qe2 0-0 13. Rd1 Re8 14. Ne5 Qb6 15. Be3 Qb8 16. f4 Red8 17. g4 Be8 18. g5 Nd7 19. Nxc6 Rxc6 20. d5 exd5 21. exd5 Rcc8 22. Nc3 Nc5 23. Kh1 Bd6 24. Rf1 Nd3 25. Qd2 Bd7 26. Ne4 Bb4 27. Qc2 Re8 28. a3 Bf8 29. Qd2 Bf5 30. Ng3 Bd7 31. Bd4 Nc5 32. Be5 Bd6 33. Bxg7 Kxg7 34. Nh5+ Kg6 35. Qc3 Kxh5 36. Qg7 1-0

[Event "EU-ch rapid"]
[Site "Tallinn"]
[Date "2019.12.05"]
[Round "6"]
[White "Ionov, Sergey"]
[Black "Chernyak, Viktoria"]
[Result "1-0"]
[WhiteElo "2480"]
[BlackElo "2233"]
[PlyCount "97"]
[EventDate "2019.12.05"]
[EventType "swiss"]
[EventRounds "13"]
[EventCountry "EST"]
[SourceTitle "CBM 193 Extra"]
[Source "ChessBase"]
[SourceDate "2020.01.31"]
[SourceVersion "1"]
[SourceVersionDate "2020.01.31"]
[SourceQuality "1"]

1. e4 c6 2. d4 d5 3. e5 Bf5 4. h4 h5 5. Bd3 Bxd3 6. Qxd3 e6 7. Bg5 Qb6 8. Nd2 Ne7 9. Ngf3 Nf5 10. 0-0 c5 11. c4 Qa6 12. dxc5 Bxc5 13. a3 0-0 14. b4 dxc4 15. Nxc4 Be7 16. Bxe7 Nxe7 17. Ng5 Nf5 18. Rac1 Nc6 19. Qe4 g6 20. Rfd1 Rad8 21. Nd6 Qxa3 22. b5 Nce7 23. Qxb7 Rb8 24. Qe4 Rbd8 25. Ra1 Qc5 26. Rdc1 Qb6 27. Ra6 Qb8 28. Qa4 Nxd6 29. exd6 Rxd6 30. Rxd6 Qxd6 31. Qxa7 Nd5 32. Qd4 Rb8 33. Rc6 Qd8 34. Qc5 Qf6 35. g3 Qa1+ 36. Kg2 Qa8 37. Kh2 Nf6 38. Rc7 Ng4+ 39. Kg1 Rf8 40. b6 Qa1+ 41. Kg2 Qb2 42. b7 Ne5 43. Qxf8+ Kxf8 44. Rc8+ Kg7 45. b8Q Qe2 46. Rg8+ Kf6 47. Qb7 Qe1 48. Rf8 Kf5 49. Rxf7+ 1-0

[Event "EU-ch rapid"]
[Site "Tallinn"]
[Date "2019.12.05"]
[Round "1"]
[White "Narva, Regina R"]
[Black "Ionov, Sergey"]
[Result "1-0"]
[WhiteElo "1942"]
[BlackElo "2480"]
[PlyCount "77"]
[EventDate "2019.12.05"]
[EventType "swiss"]
[EventRounds "13"]
[EventCountry "EST"]
[SourceTitle "CBM 193 Extra"]
[Source "ChessBase"]
[SourceDate "2020.01.31"]
[SourceVersion "1"]
[SourceVersionDate "2020.01.31"]
[SourceQuality "1"]

1. e4 c5 2. Nc3 a6 3. Nf3 e6 4. d4 cxd4 5. Nxd4 Qc7 6. g3 Bb4 7. Nde2 Nf6 8. Bg2 0-0 9. 0-0 Nc6 10. h3 Be7 11. g4 d6 12. Ng3 b5 13. a3 Bb7 14. Kh2 Nd7 15. f4 Rfe8 16. g5 Bf8 17. h4 Nb6 18. h5 Rad8 19. Qg4 b4 20. Nce2 bxa3 21. bxa3 Nc4 22. g6 h6 23. gxf7+ Qxf7 24. Rb1 Ba8 25. f5 N6e5 26. Qh3 Qa7 27. fxe6 Ne3 28. Bxe3 Qxe3 29. Nf4 Be7 30. Rb3 Qd2 31. Ng6 Nxg6 32. hxg6 Bg5 33. Rf7 Qxc2 34. Rbf3 d5 35. Nf5 dxe4 36. Rxg7+ Kh8 37. Rh7+ Kg8 38. Nxh6+ Bxh6 39. Rh8+ 1-0

[Event "RUS-chT 26th"]
[Site "Sochi"]
[Date "2019.05.09"]
[Round "8.5"]
[White "Ionov, Sergey"]
[Black "Rozum, Ivan"]
[Result "0-1"]
[WhiteElo "2530"]
[BlackElo "2568"]
[PlyCount "58"]
[EventDate "2019.05.01"]
[EventType "team-tourn"]
[EventRounds "9"]
[EventCountry "RUS"]
[SourceTitle "CBM 190 Extra"]
[Source "ChessBase"]
[SourceDate "2019.07.15"]
[SourceVersion "1"]
[SourceVersionDate "2019.07.15"]
[SourceQuality "1"]
[WhiteTeam "St Petersburg Muzhskoe Dvizhenie"]
[BlackTeam "St Petersburg Strazhi"]
[WhiteTeamCountry "RUS"]
[BlackTeamCountry "RUS"]

1. d4 Nf6 2. c4 e6 3. Nf3 Bb4+ 4. Bd2 Bxd2+ 5. Qxd2 0-0 6. g3 d5 7. Bg2 c6 8. 0-0 Nbd7 9. Na3 b6 10. Ne5 Bb7 11. Rac1 Rc8 12. cxd5 exd5 13. Bh3 Qe7 14. Qe3 Rce8 15. Nxc6 Qd6 16. Nb5 Qxc6 17. Qb3 Nc5 18. dxc5 bxc5 19. Nxa7 Qa6 20. Nb5 Rxe2 21. Rxc5 Ne4 22. Rcc1 Qh6 23. Nd4 Rxf2 24. Bg2 Qd2 25. Bxe4 Rxf1+ 26. Rxf1 Qxd4+ 27. Rf2 dxe4 28. Qxb7 e3 29. Rf4 Qd1+ 0-1

[Event "EU-ch blitz"]
[Site "Tallinn"]
[Date "2016.12.18"]
[Round "23"]
[White "Onischuk, Vladimir"]
[Black "Ionov, Sergey"]
[Result "1-0"]
[WhiteElo "2601"]
[BlackElo "2535"]
[PlyCount "101"]
[EventDate "2016.12.17"]
[EventType "swiss (blitz)"]
[EventRounds "26"]
[EventCountry "EST"]
[SourceTitle "CBM 176 Extra"]
[Source "ChessBase"]
[SourceDate "2017.03.02"]
[SourceVersion "1"]
[SourceVersionDate "2017.03.02"]
[SourceQuality "1"]

1. e4 c5 2. Nf3 e6 3. b3 d6 4. Bb2 Nf6 5. e5 dxe5 6. Nxe5 Be7 7. f4 0-0 8. Qf3 Qc7 9. Bd3 Bd7 10. Qh3 g6 11. 0-0 Nc6 12. Na3 Nd4 13. Nac4 Rad8 14. Rae1 Nh5 15. Re3 Ng7 16. Nxd7 Qxd7 17. g4 Bf6 18. a4 Ne8 19. Qh6 Bg7 20. Qh4 Nc7 21. g5 Nd5 22. Rh3 h5 23. gxh6 Bf6 24. Qg4 Kh8 25. Ne5 Qc7 26. Re1 Rde8 27. h7 Bg7 28. Bxd4 cxd4 29. Qh4 Bf6 30. Qg4 Bg7 31. Rf3 Nf6 32. Qh4 Nd5 33. Rg3 Qe7 34. Qg4 Rd8 35. Rf1 Qf6 36. Rh3 Ne7 37. Nf3 Nf5 38. Ng5 Rc8 39. Qf3 b6 40. Qb7 a5 41. Qxb6 Qd8 42. Qxd8 Rcxd8 43. Rb1 Bf6 44. b4 axb4 45. Rxb4 Kg7 46. a5 Rb8 47. Rxb8 Rxb8 48. h8Q+ Rxh8 49. Rxh8 Kxh8 50. a6 Bxg5 51. fxg5 1-0

[Event "RUS-chT 20th"]
[Site "Loo"]
[Date "2013.04.11"]
[Round "5"]
[White "Ionov, Sergey"]
[Black "Mamedov, Rauf"]
[Result "1-0"]
[WhiteElo "2540"]
[BlackElo "2662"]
[PlyCount "135"]
[EventDate "2013.04.07"]
[EventType "team-swiss"]
[EventRounds "7"]
[EventCountry "RUS"]
[SourceTitle "CBM 154"]
[Source "ChessBase"]
[SourceDate "2013.05.15"]
[SourceVersion "1"]
[SourceVersionDate "2013.05.15"]
[SourceQuality "1"]
[WhiteTeam "Sankt Petersburg Chigorin CC"]
[BlackTeam "Belorechensk Univ"]
[WhiteTeamCountry "RUS"]
[BlackTeamCountry "RUS"]

1. d4 Nf6 2. Bg5 g6 3. Bxf6 exf6 4. c4 Bg7 5. Nc3 f5 6. e3 0-0 7. Nge2 d6 8. g3 h5 9. h4 Nd7 10. Bg2 Nf6 11. 0-0 Ng4 12. Nf4 Bh6 13. b4 Re8 14. Rb1 Nf6 15. Qc2 g5 16. hxg5 Bxg5 17. Qd1 h4 18. Qf3 Ne4 19. Nxe4 fxe4 20. Qh5 Kg7 21. gxh4 Bxh4 22. Qa5 Bg4 23. f3 exf3 24. Bxf3 Rxe3 25. Bxg4 Rg3+ 26. Kh1 Rxg4 27. Rg1 Rg5 28. Qf5 Qh8 29. Rxg5+ Bxg5+ 30. Nh3 f6 31. Re1 Qh4 32. Re4 Qh5 33. Kg2 Re8 34. Nf4 Bxf4 35. Qxh5 Rxe4 36. Qd5 f5 37. Qxb7 Rxd4 38. Qxc7+ Kf6 39. Qxa7 Rxc4 40. b5 Rb4 41. b6 Ke6 42. b7 d5 43. Qc5 Rb2+ 44. Kf3 Bd6 45. Qc8+ Ke7 46. Qxf5 Rxa2 47. Qh7+ Ke6 48. Qg6+ Kd7 49. Qxd6+ Kxd6 50. b8Q+ Kd7 51. Qb3 Ra7 52. Qxd5+ Kc8 53. Qg8+ Kc7 54. Ke4 Ra6 55. Qf7+ Kb8 56. Kd5 Rb6 57. Kc5 Rb7 58. Qf4+ Ka7 59. Qa4+ Kb8 60. Qa5 Rc7+ 61. Kb6 Re7 62. Kc6 Rb7 63. Qe5+ Ka7 64. Qa1+ Kb8 65. Qa5 Rh7 66. Qb4+ Ka7 67. Qa3+ Kb8 68. Qb3+ 1-0

[Event "Chigorin Memorial 20th"]
[Site "St Petersburg"]
[Date "2012.11.04"]
[Round "9"]
[White "Vlasenko, Miroslav"]
[Black "Ionov, Sergey"]
[Result "0-1"]
[WhiteElo "2400"]
[BlackElo "2550"]
[PlyCount "82"]
[EventDate "2012.10.27"]
[EventType "swiss"]
[EventRounds "9"]
[EventCountry "RUS"]
[SourceTitle "EXT 2013"]
[Source "ChessBase"]
[SourceDate "2012.11.22"]
[SourceVersion "1"]
[SourceVersionDate "2012.11.22"]
[SourceQuality "1"]

1. d4 Nf6 2. Bg5 e6 3. Nf3 h6 4. Bxf6 Qxf6 5. e4 d6 6. Nc3 Nd7 7. Qd2 a6 8. 0-0-0 Qe7 9. h4 g6 10. Re1 Bg7 11. Nd5 Qd8 12. Ne3 b5 13. h5 g5 14. Ng4 0-0 15. e5 f5 16. exf6 Nxf6 17. Nfh2 Nxg4 18. Nxg4 e5 19. Be2 exd4 20. Bf3 c6 21. Nh2 d5 22. Bg4 Qd6 23. g3 Bd7 24. Re2 Rae8 25. Rhe1 c5 26. Bxd7 Qxd7 27. Ng4 Qf7 28. Qd1 c4 29. b3 Kh7 30. f3 Rxe2 31. Qxe2 Qxh5 32. Qe6 Qf7 33. Qd6 Qxf3 34. Ne5 Qf2 35. Kd1 d3 36. cxd3 c3 37. Re2 Qf1+ 38. Re1 c2+ 39. Kxc2 Qxe1 40. Qg6+ Kh8 41. Nf7+ Rxf7 0-1